000 00470nam a2200181Ia 4500
001 18846
005 20260306171701.0
008 260306s9999||||xx |||||||||||||| ||und||
041 _aESP
082 _a658.5
_bS64Y
100 _aSocconini, Luis
_eAUT
245 0 _aCertificación Lean Six Sigma Yellow Belt para la excelencia en los negocios
260 _c2016
300 _a356 pƔginas :
_c23 cm.
650 _aGEN
654 _aCAN
942 _cLIB
_dJUS
_fJUS
_2ddc
_n
999 _c18846
_d18846